000 00397nam a2200157Ia 4500
008 210716s1980 xx 000 0 und d
020 _a9788131717257
041 _aeng
082 _a330 STOA
100 _aStonier, Alfred W; Hague, Douglas C.
245 _aTextbook of economic theory.
250 _a5
260 _aNew Delhi
_bPearson
_c1980
300 _axxi,699
650 _aEconomics(330)
999 _c206818
_d206818